Statistiques concernant Tout les titres de la ZZCCMXTP

Cliquez ici pour prendre le quiz!

Statistiques générales

  • Ce quiz a été pris 50 fois
  • Le résultat moyen est 24 sur 41

Statistiques - réponses

Titres% Correct
La vériter
85%
Nous y sommes
83%
Vodka Rhum Contrex
83%
Lezgongue
80%
Merci
73%
Interlude Français
71%
Nous sommes les Daft Punk
71%
3 zèbres
68%
Adieu les filles
68%
Captain
68%
Le milli
68%
La Bagarre
66%
Dig Dig Deep Deep
63%
Interlude Mafieux
63%
Maman
63%
7up
61%
Zinedine Zidane
61%
Big Buckets
59%
Ca doit bugger
59%
Délirium Café
59%
Menaces
59%
N-mot
59%
Interlude Clash
56%
Lost & Dizzy
56%
Tony Hawk
56%
Violette et Citronnelle
56%
Back Home
51%
Drake
51%
FTG
51%
Light You Up
51%
CDI Freestyle
46%
Babai
44%
Mamone
44%
Rudeboy
44%
Flow externe
39%
Glow up
39%
JRPG
39%
Zen
39%
Gucci Zgueg
37%
Askip
34%
Amuse toi
32%

Distribution des résultats

Percentile par nombre de réponses

% des personnes avec chaque résultat

Votre développement - résultats

Vous n’avez pas pris ce quiz